Ethica, (Record no. 87216)

MARC details
000 -LEADER
fixed length control field 00543cam a22002051 4500
001 - CONTROL NUMBER
control field sa 68016628
003 - CONTROL NUMBER IDENTIFIER
control field DLC
005 - DATE AND TIME OF LATEST TRANSACTION
control field 20260227112656.0
008 - FIXED-LENGTH DATA ELEMENTS--GENERAL INFORMATION
fixed length control field 790129q19601969io 000 0 ind
010 ## - LIBRARY OF CONGRESS CONTROL NUMBER
LC control number sa 68016628
035 ## - SYSTEM CONTROL NUMBER
System control number (OCoLC)4596527
040 ## - CATALOGING SOURCE
Original cataloging agency DLC
Transcribing agency OAU
Modifying agency DLC
042 ## - AUTHENTICATION CODE
Authentication code premarc
050 00 - LIBRARY OF CONGRESS CALL NUMBER
Classification number BX1758.2
Item number .P63
100 1# - MAIN ENTRY--PERSONAL NAME
Personal name Poedja, A.
245 10 - TITLE STATEMENT
Title Ethica,
Statement of responsibility, etc. oleh A. Poedja.
260 ## - PUBLICATION, DISTRIBUTION, ETC.
Place of publication, distribution, etc. [Djakarta]
Name of publisher, distributor, etc. Pusat Rawatan Rohani Katolik/SAD
Date of publication, distribution, etc. [196-?]
300 ## - PHYSICAL DESCRIPTION
Extent 90 p.
Dimensions 16 cm.
650 #0 - SUBJECT ADDED ENTRY--TOPICAL TERM
Topical term or geographic name entry element Christian ethics
General subdivision Catholic authors.

No items available.

Powered by Koha